000 00910nam a2200133Ia 4500
008 220620s9999||||xx |||||||||||||| ||und||
020 _a9783040000000
245 0 _aIndustrial Energy Management and Sustainability
546 _aEnglish[eng]
650 _aenergy efficiency||energy management practices||translating management ideas||case study||copper||cobalt||mining||sustainable energy development||engineering economics||multi-national enterprises||cement manufacturing plant||energy savings||technology solutions||Italian companies||descriptive analysis||cogeneration||ceramic industry||spray dryer||energy analysis||process thermal consumption||gas turbine||internal combustion engine||waste heat recovery||low-temperature waste heat||database development||industrial sustainability||n/a
700 _aBenedetti, Miriam||Introna, Vito
856 _uhttps://mdpi.com/books/pdfview/book/4321
942 _cEB
999 _c31325
_d31325